[Event "Aveugle rap blindfold 3th"]
[Site "Bastia"]
[Date "2008.05.24"]
[Round "5"]
[White "Frisoni, Robin"]
[Black "Orsoni, Jean Philippe"]
[Result "1-0"]
[WhiteElo "1600"]
[BlackElo "1887"]
[PlyCount "41"]
[EventDate "2008.05.24"]
[EventType "swiss (rapid)"]
[EventRounds "5"]
[EventCountry "FRA"]
[SourceTitle "EXT 2009"]
[Source "ChessBase"]
[SourceDate "2008.11.26"]
[SourceVersion "1"]
[SourceVersionDate "2008.11.26"]
[SourceQuality "1"]

1. e4 e5 2. Nf3 Nc6 3. Bc4 Nf6 4. d3 d5 5. exd5 Nxd5 6. Bxd5 Qxd5 7. Nc3 Qd8 8. b3 Bb4 9. Bb2 0-0 10. Qd2 Bg4 11. 0-0-0 a5 12. a3 Bd6 13. h3 Be6 14. Nb1 a4 15. Qc3 axb3 16. cxb3 Re8 17. a4 Qf6 18. Nfd2 Qxf2 19. Rhf1 Qd4 20. Qxd4 exd4 21. b4 1-0